• 首页
  • 本馆介绍
  • 公告通知
  • 最新文献
  • 馆藏检索
  • 电子资源
  • 读者导购
  • 参考咨询
  • 我的图书馆
  • 登录
  • 详细信息显示
  • 放入我的书架
  • 预约/预借图书
  • 作者相关作品
  • 分类相关作品
  • 丛书相关作品
  • 出版社相关作品

书目信息

  • 表格格式
  • 工作单格式
  • 卡片格式
题名:
动物营养与饲料
    
 
作者: 姚军虎
分册:  
出版信息: 北京   中国农业出版社  2001
页数: 212
开本: 26cm
丛书名:
单 册:
中图分类: S815
科图分类:
主题词: 畜牧学
电子资源:
ISBN: 7-109-06922-2
000 00493nam0 2200181 450
001 0741144344
005 20070817112544.34
010    @a7-109-06922-2@d¥18.60
100    @a20070817d km y0chiy0120 ea
101 0  @achi
200 1  @a动物营养与饲料@Adong wu ying yang yu si liao@f姚军虎@Fyao jun hu
210    @a北京@c中国农业出版社@d2001
215    @a212@d26cm
606 0  @a畜牧学
690    @aS815@v3
701  0 @a姚军虎@Ayao jun hu
801  0 @aCN@bPFT@c20070817
905    @a213230@dS815@en2@f1
    
    动物营养与饲料/姚军虎.-北京:中国农业出版社,2001
    212;26cm
    
    
    ISBN 7-109-06922-2:¥18.60
    
●
相关链接 在E读中查询图书 在五车中查询图书 在当当中查询图书 在豆瓣中查询图书


正题名:动物营养与饲料     索取号:S815/n2         预约/预借

序号 登录号 条形码 馆藏地/架位号 状态 备注
1 6600682   266006822   生命科学系资料室/ [索取号:S815/n2] 在馆    
唐山师范学院图书馆 欢迎您!
大连网信软件有限公司© 版权所有